01800cam a22002775a 45000010009000000050017000090080041000260200042000670400034001090820023001432450101001662600063002673000036003305000024003665040041003905200669004316500045011006500037011456500027011826500052012096530043012617000040013049420008013449990017013529520153013691780416020160211140650.0130708t2014 flua frb 001 0 eng d a9780849320132 (hardback : alk. paper) aDLCbengcDLCdDLCdEG-ScBUE 04a624.18341222bINT04aThe international handbook of FRP composites in civil engineering /cedited by Manoochehr Zoghi. aBoca Raton :bCRC Press / Taylor & Francis Group,cc.2014. axxiii, 682 p. :bill. ;c27 cm. aIndex : p. 667-682. aIncludes bibliographical references. a"Applications of high-performance fiber reinforced polymer (FRP) composite materials have grown beyond just aerospace and marine industries, into civil engineering and other related disciplines. This book provides a complete primer on FRP composites, including history, constituent materials, and basic mechanics and properties. It focuses on professional applications, such as nondestructive testing and evaluation, composites for reinforcement, design philosophies, and guidelines. It also includes helpful formulas, tables, and charts for easy reference and standards of practice from the UK, Scandinavia, Japan, the US, China, Australia, and other countries"-- 7aFiber-reinforced concrete.2BUEsh939307 7aFibrous composites.2BUEsh94621 7apolymers.2BUEsh95875 7aReinforced concrete construction.2BUEsh917951 bENGGENbENGCIVcJuly2015cFebruary20161 aZoghi, Manoochehr,d1956-,eeditor. 2ddc c20332d20304 00102ddc40708BaccahaMAINbMAINc0THd2015-07-09ePurchaseg1017.00h21782l0o624.18341 INTp000039262r2025-07-15 00:00:00v1271.00yREFERENCE